[Event "Regionalliga SW 0708"]
[Site "Bayern"]
[Date "2008.04.20"]
[Round "9.2"]
[White "Rogg, Gerhard"]
[Black "Steffen, Kevin"]
[Result "1-0"]
[WhiteElo "2046"]
[BlackElo "1982"]
[PlyCount "51"]
[EventDate "2007.10.21"]
[EventType "team-tourn"]
[EventRounds "9"]
[EventCountry "GER"]
[SourceTitle "EXT 2009"]
[Source "ChessBase"]
[SourceDate "2008.11.26"]
[SourceVersion "1"]
[SourceVersionDate "2008.11.26"]
[SourceQuality "1"]
[WhiteTeam "Sonthofen"]
[BlackTeam "Klosterlechfeld"]
[WhiteTeamCountry "GER"]
[BlackTeamCountry "GER"]

1. e4 e5 2. Nf3 d6 3. Bc4 Be7 4. d4 exd4 5. Nxd4 Nf6 6. Nc3 Nbd7 7. Be3 Ne5 8. Be2 c6 9. h3 Qa5 10. Nb3 Qc7 11. f4 Ng6 12. Bf3 d5 13. e5 Nd7 14. 0-0 0-0 15. Be2 b5 16. Bd3 Nb6 17. Nc5 Nc4 18. Bxc4 bxc4 19. b4 f6 20. Nxd5 Qd8 21. Nxe7+ Qxe7 22. Qe2 fxe5 23. Qxc4+ Kh8 24. fxe5 Nxe5 25. Qe4 Qd6 26. Bf4 1-0

[Event "Regionalliga SW 0607"]
[Site "Bayern"]
[Date "2007.02.25"]
[Round "6.5"]
[White "Steffen, Kevin"]
[Black "Czap, Bernhard"]
[Result "1-0"]
[WhiteElo "1942"]
[BlackElo "2099"]
[PlyCount "108"]
[EventDate "2006.10.15"]
[EventType "team-tourn"]
[EventRounds "9"]
[EventCountry "GER"]
[SourceTitle "EXT 2008"]
[Source "ChessBase"]
[SourceDate "2007.11.25"]
[SourceVersion "1"]
[SourceVersionDate "2007.11.25"]
[SourceQuality "1"]
[WhiteTeam "Klosterlechfeld"]
[BlackTeam "Unterhaching"]
[WhiteTeamCountry "GER"]
[BlackTeamCountry "GER"]

1. d4 f5 2. Nf3 Nf6 3. g3 g6 4. Bg2 Bg7 5. 0-0 0-0 6. b4 Nc6 7. b5 Na5 8. Nbd2 d5 9. Ne5 Ne4 10. Bb2 Be6 11. a4 Nd6 12. Nb3 Nxb3 13. cxb3 a6 14. bxa6 Rxa6 15. Rc1 f4 16. gxf4 Rxf4 17. Nd3 Rg4 18. Nc5 Nf5 19. Nxa6 bxa6 20. Kh1 Qd6 21. e4 Nh4 22. e5 Qd7 23. Bh3 Rg1+ 24. Kxg1 Bxh3 25. Rc3 Bh6 26. Qd3 Bxf1 27. Kxf1 Qg4 28. h3 Qg2+ 29. Ke2 Nf5 30. Rxc7 Be3 31. Kd1 Qxf2 32. Qe2 Qg1+ 33. Kc2 Bxd4 34. Bc1 Bb6 35. Rc8+ Kg7 36. Qxa6 Qf2+ 37. Kb1 Bd4 38. Qe6 Be3 39. Qxd5 Qf1 40. Qc4 Qxh3 41. Bxe3 Nxe3 42. Qg8+ Kh6 43. Qf8+ Kh5 44. Rc1 Nf5 45. Qf7 Qd3+ 46. Kb2 Qd4+ 47. Ka3 h6 48. Qe6 Kg5 49. a5 h5 50. a6 h4 51. Qc4 Qxe5 52. a7 Qd6+ 53. b4 Qd8 54. Qc6 Nd4 1-0

[Event "Regionalliga SW 0607"]
[Site "Bayern"]
[Date "2006.12.10"]
[Round "4.4"]
[White "Nuber, Korbinian"]
[Black "Steffen, Kevin"]
[Result "1-0"]
[WhiteElo "2033"]
[BlackElo "1942"]
[PlyCount "33"]
[EventDate "2006.10.15"]
[EventType "team-tourn"]
[EventRounds "9"]
[EventCountry "GER"]
[SourceTitle "EXT 2008"]
[Source "ChessBase"]
[SourceDate "2007.11.25"]
[SourceVersion "1"]
[SourceVersionDate "2007.11.25"]
[SourceQuality "1"]
[WhiteTeam "Dillingen"]
[BlackTeam "Klosterlechfeld"]
[WhiteTeamCountry "GER"]
[BlackTeamCountry "GER"]

1. e4 d6 2. d4 Nf6 3. Nc3 g6 4. f4 Bg7 5. Nf3 0-0 6. Bd3 a6 7. 0-0 c5 8. dxc5 dxc5 9. Qe2 Nc6 10. e5 Nd5 11. Nxd5 Qxd5 12. c3 Qd7 13. Ng5 Qc7 14. e6 f6 15. Nxh7 f5 16. Nxf8 Kxf8 17. g4 1-0

[Event "Landesliga Sued 0405"]
[Site "Bayern"]
[Date "2004.10.24"]
[Round "1.6"]
[White "Steffen, Kevin"]
[Black "Heiduczek, Josef"]
[Result "1-0"]
[WhiteElo "1974"]
[BlackElo "2153"]
[PlyCount "53"]
[EventDate "2004.10.24"]
[EventType "team-tourn"]
[EventRounds "9"]
[EventCountry "GER"]
[SourceTitle "EXT 2007"]
[Source "ChessBase"]
[SourceDate "2006.11.23"]
[SourceVersion "1"]
[SourceVersionDate "2006.11.23"]
[SourceQuality "1"]
[WhiteTeam "Klosterlechfeld"]
[BlackTeam "Pfarrkirchen SC"]
[WhiteTeamCountry "GER"]
[BlackTeamCountry "GER"]

1. e4 e6 2. d4 d5 3. Nc3 Bb4 4. e5 c5 5. a3 Ba5 6. f4 cxd4 7. Qxd4 Nc6 8. Qd3 Nge7 9. Bd2 0-0 10. Nf3 f6 11. exf6 gxf6 12. 0-0-0 a6 13. g4 b5 14. g5 b4 15. Ne2 bxa3 16. Qxa3 Ng6 17. Bxa5 Nxa5 18. gxf6 Nc4 19. Qc3 Qxf6 20. Nfd4 Nxf4 21. Nxf4 Qxf4+ 22. Kb1 Ne5 23. Rg1+ Ng6 24. Bd3 Qh6 25. Qc6 Rb8 26. Nxe6 Rf7 27. Qe8+ 1-0

[Event "Regionalliga SW 0203"]
[Site "Bayern"]
[Date "2003.03.30"]
[Round "9.5"]
[White "Steffen, Kevin"]
[Black "Dengler, Dijana"]
[Result "1-0"]
[WhiteElo "1916"]
[BlackElo "2100"]
[PlyCount "63"]
[EventDate "2002.10.20"]
[EventType "team"]
[EventRounds "9"]
[EventCountry "GER"]
[SourceTitle "EXT 2004"]
[Source "ChessBase"]
[SourceDate "2003.11.25"]
[SourceVersion "1"]
[SourceVersionDate "2003.11.25"]
[SourceQuality "1"]
[WhiteTeam "Klosterlechfeld"]
[BlackTeam "Unterhaching"]
[WhiteTeamCountry "GER"]
[BlackTeamCountry "GER"]

1. d4 d5 2. c4 e6 3. Nc3 Nf6 4. Nf3 Bb4 5. Qa4+ Nc6 6. Bg5 h6 7. Bxf6 Qxf6 8. a3 Bxc3+ 9. bxc3 0-0 10. e3 Qg6 11. Rd1 Rd8 12. Bd3 Qxg2 13. Ke2 e5 14. Rhg1 Qh3 15. Rg3 Qh5 16. cxd5 Rxd5 17. Rdg1 exd4 18. Rxg7+ Kf8 19. cxd4 b5 20. Qb3 Bb7 21. Be4 Ne7 22. Qb4 c5 23. dxc5 Bc6 24. Rh7 Ng6 25. Rxf7+ Kxf7 26. Bxg6+ Qxg6 27. Rxg6 Kxg6 28. Qg4+ Kf7 29. Qf4+ Ke6 30. Nd4+ Rxd4 31. exd4 Rd8 32. Qxh6+ 1-0

[Event "Regionalliga SW 0203"]
[Site "Bayern"]
[Date "2003.02.09"]
[Round "6.4"]
[White "Steffen, Kevin"]
[Black "Eichler, Christoph"]
[Result "1/2-1/2"]
[WhiteElo "1916"]
[BlackElo "2228"]
[PlyCount "35"]
[EventDate "2002.10.20"]
[EventType "team"]
[EventRounds "9"]
[EventCountry "GER"]
[SourceTitle "EXT 2004"]
[Source "ChessBase"]
[SourceDate "2003.11.25"]
[SourceVersion "1"]
[SourceVersionDate "2003.11.25"]
[SourceQuality "1"]
[WhiteTeam "Klosterlechfeld"]
[BlackTeam "Muenchen 36"]
[WhiteTeamCountry "GER"]
[BlackTeamCountry "GER"]

1. d4 g6 2. e4 d6 3. Nc3 c6 4. Nf3 Bg7 5. Be2 Nf6 6. 0-0 0-0 7. h3 b5 8. Bd3 a6 9. e5 dxe5 10. dxe5 Nd5 11. Nxd5 Qxd5 12. Re1 c5 13. Qe2 Bf5 14. Bxf5 gxf5 15. Bg5 Nc6 16. Qe3 Rac8 17. Bh6 Bxh6 18. Qxh6 1/2-1/2